Datum a čas kvízu
36.5
Celkem bodů
Celkový počet nahraných bodů na tomto kvízu bez doplňovacích otázek.
2.
Pořadí na kvízu
Konečné umístění týmu na tomto kvízu.
Zaznamenané odpovědi
| # | Otázka | Odpověď | Body | Výsledky |
|---|---|---|---|---|
| 1. | Minulý týden navštívili Pražsk... | Argentina, Slovensko | 0.5 | |
| 2. | Minulý týden jsme se dozvěděli... | A) elektrokol | 1 | |
| 3. | Minulý týden jsme se dozvěděli... | Tereza Pergnerová | 1 | |
| 4. | V pondělí jsme se dozvěděli o... | Dagmar Havlová | 1 | |
| 5. | 41letý český atlet, který je d... | Vítězslav Veselý | 1 | |
| 6. | Pojmenování spojená s reproduk... | zmetek | 1 | |
| 7. | Jak se jmenuje zobrazené oblíb... | kamerunská ovce (djallonké) | 1 | |
| 8. | Které z následujících tvrzení... | B | 1 | |
| 9. | Ještě do zhruba 13. století se... | zebu | 0 | |
| 10. | Zvířata, která mají vlnu, vylu... | lanolin | 1 |